[Event "Qatar Masters Open 2014"]
[Site "Doha QAT"]
[Date "2014.12.02"]
[Round "7.58"]
[White "Tari, Aryan"]
[Black "Konguvel, Ponnuswamy"]
[Result "1/2-1/2"]
[WhiteElo "2479"]
[BlackElo "2347"]
[PlyCount "67"]
[EventDate "2014.11.26"]
[EventType "swiss"]
[EventRounds "9"]
[EventCountry "QAT"]
[Source "lmi"]
[SourceDate "2014.11.26"]

1. d4 Nf6 2. c4 g6 3. Nc3 Bg7 4. Nf3 O-O 5. e4 d6 6. Be2 e5 7. O-O Nc6 8. d5
Ne7 9. b4 Ne8 10. Nd2 f5 11. f3 f4 12. c5 g5 13. Nc4 Ng6 14. a4 h5 15. Ba3 Rf7
16. b5 dxc5 17. Bxc5 Bf8 18. Bxf8 Kxf8 19. a5 Rg7 20. b6 g4 21. fxg4 hxg4 22.
Bxg4 axb6 23. Bxc8 Qxc8 24. Qh5 Nf6 25. Qg5 Nh7 26. Qf5+ Qxf5 27. exf5 Nh4 28.
Nxe5 Rxa5 29. Rxa5 bxa5 30. g3 fxg3 31. Ng6+ Nxg6 32. fxg6+ Ke7 33. Re1+ Kd7
34. gxh7 1/2-1/2

[Event "Qatar Masters Open 2014"]
[Site "Doha QAT"]
[Date "2014.12.02"]
[Round "7.59"]
[White "Mamedjarova, Zeinab"]
[Black "Batsiashvili, Nino"]
[Result "1-0"]
[WhiteElo "2241"]
[BlackElo "2442"]
[PlyCount "87"]
[EventDate "2014.11.26"]
[EventType "swiss"]
[EventRounds "9"]
[EventCountry "QAT"]
[Source "lmi"]
[SourceDate "2014.11.26"]

1. d4 d5 2. c4 e6 3. Nc3 Bb4 4. Qc2 dxc4 5. Nf3 c5 6. dxc5 Nc6 7. Bg5 Qa5 8.
O-O-O Bxc3 9. Qxc3 Qxc3+ 10. bxc3 f6 11. Bh4 e5 12. e4 Be6 13. Nd2 Na5 14. f3
Ne7 15. Bf2 O-O-O 16. Be2 Rd7 17. h4 Rhd8 18. g3 Nec6 19. Nb1 Nb8 20. Na3 a6
21. Nc2 Rc7 22. Rxd8+ Kxd8 23. c6 Naxc6 24. Bb6 Nd7 25. Rd1 Kc8 26. Bxc7 Kxc7
27. Ne3 b5 28. a4 Nc5 29. axb5 axb5 30. Kc2 Nb3 31. g4 g6 32. Nd5+ Bxd5 33.
Rxd5 f5 34. exf5 gxf5 35. Kd1 fxg4 36. fxg4 Kb6 37. Rd7 Nba5 38. Bf3 b4 39.
Bxc6 Kxc6 40. Rxh7 bxc3 41. h5 Nb3 42. h6 Nd4 43. Rf7 c2+ 44. Kc1 1-0

[Event "Qatar Masters Open 2014"]
[Site "Doha QAT"]
[Date "2014.12.02"]
[Round "7.60"]
[White "Tomashevskaya, Lidia"]
[Black "Mista, Aleksander"]
[Result "0-1"]
[WhiteElo "2210"]
[BlackElo "2616"]
[PlyCount "52"]
[EventDate "2014.11.26"]
[EventType "swiss"]
[EventRounds "9"]
[EventCountry "QAT"]
[Source "lmi"]
[SourceDate "2014.11.26"]

1. e4 c5 2. Nf3 e6 3. d4 cxd4 4. Nxd4 Nf6 5. Nc3 d6 6. Bd3 g6 7. O-O Bg7 8. Be3
a6 9. a4 O-O 10. a5 Nc6 11. Nxc6 bxc6 12. e5 dxe5 13. Bb6 Qe7 14. Ne4 Nxe4 15.
Bxe4 Bb7 16. c3 f5 17. Bd3 e4 18. Bc4 f4 19. Qd2 Rae8 20. Rad1 Qh4 21. Rfe1 e3
22. fxe3 fxe3 23. Qe2 c5 24. Rf1 Rxf1+ 25. Rxf1 Be5 26. g4 Bxh2+ 0-1

[Event "Qatar Masters Open 2014"]
[Site "Doha QAT"]
[Date "2014.12.02"]
[Round "7.61"]
[White "Carlsson, Pontus"]
[Black "Wang, Jue"]
[Result "1-0"]
[WhiteElo "2492"]
[BlackElo "2353"]
[PlyCount "103"]
[EventDate "2014.11.26"]
[EventType "swiss"]
[EventRounds "9"]
[EventCountry "QAT"]
[Source "lmi"]
[SourceDate "2014.11.26"]

1. e4 c5 2. c3 Nf6 3. e5 Nd5 4. d4 cxd4 5. Nf3 e6 6. cxd4 b6 7. Nc3 Nxc3 8.
bxc3 Qc7 9. Bd2 Bb7 10. Bd3 Be7 11. O-O d6 12. Bf4 Nd7 13. Re1 O-O 14. Re3 g6
15. exd6 Bxd6 16. Ne5 Nxe5 17. dxe5 Bc5 18. Re2 f5 19. Rd2 Rad8 20. Bf1 Rxd2
21. Qxd2 Rd8 22. Qe1 Rd7 23. Rd1 Qd8 24. Rxd7 Qxd7 25. Be3 Bxe3 26. Qxe3 Qd1
27. c4 Ba6 28. Qc3 f4 29. Qb4 Qd7 30. Qa3 Bc8 31. Qf3 Qf7 32. Qd3 Bb7 33. Qd8+
Kg7 34. f3 Qf8 35. Qd7+ Qf7 36. Qd6 Bc8 37. h4 Qd7 38. c5 bxc5 39. Qxc5 a6 40.
Qc4 Bb7 41. Qxf4 Qe7 42. Bc4 a5 43. Kh2 Bc6 44. Kg3 a4 45. Qg5 Qf7 46. h5 Be8
47. h6+ Kf8 48. Qd8 Qe7 49. Qxe7+ Kxe7 50. Kf4 Bc6 51. a3 Kf7 52. Ke3 1-0

[Event "Qatar Masters Open 2014"]
[Site "Doha QAT"]
[Date "2014.12.02"]
[Round "7.62"]
[White "Basso, Pier Luigi"]
[Black "Chandra, Akshat"]
[Result "1-0"]
[WhiteElo "2335"]
[BlackElo "2489"]
[PlyCount "57"]
[EventDate "2014.11.26"]
[EventType "swiss"]
[EventRounds "9"]
[EventCountry "QAT"]
[Source "lmi"]
[SourceDate "2014.11.26"]

1. c4 Nf6 2. g3 e6 3. Bg2 d5 4. Nf3 dxc4 5. Qa4+ c6 6. Qxc4 b5 7. Qb3 Bb7 8.
O-O Nbd7 9. d4 a6 10. Ne5 Nxe5 11. dxe5 Nd7 12. Nc3 Be7 13. Ne4 Qb6 14. Bg5
Bxg5 15. Nxg5 Qc5 16. Rfd1 Qe7 17. Qe3 Rd8 18. Qa7 Rb8 19. Bxc6 Bxc6 20. Rxd7
Qxg5 21. Qxb8+ Kxd7 22. Qd6+ Kc8 23. Qxc6+ Kb8 24. Qb6+ Ka8 25. Qxa6+ Kb8 26.
Qxb5+ Ka8 27. Rd1 Rc8 28. Rd6 Qc1+ 29. Kg2 1-0

[Event "Qatar Masters Open 2014"]
[Site "Doha QAT"]
[Date "2014.12.02"]
[Round "7.63"]
[White "Pourkashiyan, Atousa"]
[Black "Goh, Wei Ming Kevin"]
[Result "1-0"]
[WhiteElo "2312"]
[BlackElo "2442"]
[PlyCount "85"]
[EventDate "2014.11.26"]
[EventType "swiss"]
[EventRounds "9"]
[EventCountry "QAT"]
[Source "lmi"]
[SourceDate "2014.11.26"]

1. e4 e6 2. d4 d5 3. Nd2 Nf6 4. e5 Nfd7 5. c3 c5 6. Bd3 Nc6 7. Ne2 cxd4 8. cxd4
f6 9. exf6 Nxf6 10. Nf3 Bd6 11. O-O Qc7 12. g3 O-O 13. Bf4 Ng4 14. Bxd6 Qxd6
15. Nc3 Qe7 16. Rc1 Qf6 17. Be2 Bd7 18. Qd2 Be8 19. Qg5 Nh6 20. Rcd1 Nf5 21.
Qxf6 Rxf6 22. h3 Bg6 23. Bb5 Raf8 24. Bxc6 bxc6 25. Ne5 Be8 26. Na4 Nd6 27. Nc5
Ne4 28. Ned7 Nxc5 29. Nxf6+ gxf6 30. dxc5 Bg6 31. Rfe1 e5 32. Re3 d4 33. Ra3
Rf7 34. f3 Rb7 35. Rb3 Rc7 36. Rb8+ Kf7 37. g4 Ke6 38. Rd8 Ke7 39. Rd6 Rb7 40.
Rd2 Be8 41. g5 fxg5 42. Re2 Kf7 43. Rxe5 1-0

[Event "Qatar Masters Open 2014"]
[Site "Doha QAT"]
[Date "2014.12.02"]
[Round "7.64"]
[White "L'Ami, Alina"]
[Black "Gholami, Aryan"]
[Result "0-1"]
[WhiteElo "2393"]
[BlackElo "2333"]
[PlyCount "82"]
[EventDate "2014.11.26"]
[EventType "swiss"]
[EventRounds "9"]
[EventCountry "QAT"]
[Source "lmi"]
[SourceDate "2014.11.26"]

1. d4 Nf6 2. c4 e6 3. Nc3 Bb4 4. Qc2 d6 5. Bd2 O-O 6. e3 b6 7. a3 Bxc3 8. Bxc3
Bb7 9. f3 Nbd7 10. Nh3 c5 11. b4 Rc8 12. dxc5 bxc5 13. b5 d5 14. Rd1 Qe7 15.
Bd3 e5 16. cxd5 Nxd5 17. Bd2 g6 18. O-O c4 19. Be4 Qxa3 20. Bxd5 Bxd5 21. Bc3
Be6 22. Ng5 Qe7 23. Nxe6 Qxe6 24. Qa4 Qb6 25. Rfe1 Qc7 26. Ra1 Ra8 27. Rec1 Qc5
28. Kf2 Rfc8 29. Bb4 Qc7 30. Ba5 Qc5 31. Bb4 Qb6 32. Ba5 Qe6 33. Rc3 Nc5 34.
Qc2 Nd3+ 35. Kf1 e4 36. f4 Rab8 37. Rb1 Rc5 38. Qa4 Qd5 39. Qa1 Rcxb5 40. Rxb5
Rxb5 41. Bc7 Qb7 0-1

[Event "Qatar Masters Open 2014"]
[Site "Doha QAT"]
[Date "2014.12.02"]
[Round "7.65"]
[White "Deac, Bogdan-Daniel"]
[Black "Tabatabaei, M.Amin"]
[Result "0-1"]
[WhiteElo "2385"]
[BlackElo "2353"]
[PlyCount "96"]
[EventDate "2014.11.26"]
[EventType "swiss"]
[EventRounds "9"]
[EventCountry "QAT"]
[Source "lmi"]
[SourceDate "2014.11.26"]

1. Nf3 Nf6 2. g3 d5 3. Bg2 Bf5 4. c4 c6 5. cxd5 cxd5 6. Qb3 Nc6 7. Qxb7 Bd7 8.
Qb3 e5 9. d3 Rb8 10. Qd1 Bd6 11. O-O O-O 12. Nc3 h6 13. Nd2 Be6 14. Nb3 Qd7 15.
d4 exd4 16. Nxd4 Nxd4 17. Qxd4 Rfc8 18. Qd3 Be5 19. Rd1 Bf5 20. Qe3 Re8 21. Qc5
d4 22. Bf4 Rbc8 23. Qb4 Rb8 24. Qc5 Bc2 25. Bxe5 Bxd1 26. Bxd4 Rbc8 27. Qxa7
Qxa7 28. Bxa7 Bxe2 29. a4 Ba6 30. Bf3 Red8 31. Be3 Rb8 32. Nd1 Nd5 33. Ba7 Rb3
34. Be4 Re8 35. f3 Nf6 36. Nf2 Nxe4 37. Nxe4 Rxb2 38. Bd4 Rc2 39. a5 Be2 40.
Re1 Ra8 41. Bb6 Bxf3 42. Nd6 Rg2+ 43. Kf1 Rxh2 44. Re3 Bd5 45. Rd3 Be6 46. Rd4
Ra2 47. Kg1 h5 48. Kf1 Kh7 0-1

[Event "Qatar Masters Open 2014"]
[Site "Doha QAT"]
[Date "2014.12.02"]
[Round "7.66"]
[White "Gu, Xiaobing"]
[Black "Vazquez, Guillermo"]
[Result "0-1"]
[WhiteElo "2283"]
[BlackElo "2374"]
[PlyCount "84"]
[EventDate "2014.11.26"]
[EventType "swiss"]
[EventRounds "9"]
[EventCountry "QAT"]
[Source "lmi"]
[SourceDate "2014.11.26"]

1. e4 c5 2. Nf3 e6 3. d4 cxd4 4. Nxd4 Nc6 5. Nc3 Qc7 6. Be3 a6 7. Qd2 Nf6 8.
O-O-O Bb4 9. f3 O-O 10. Nxc6 bxc6 11. Bf4 e5 12. Bg5 Be7 13. Bc4 Rd8 14. h4 d6
15. Bb3 a5 16. g4 Be6 17. Bxf6 Bxf6 18. g5 Be7 19. g6 Bxb3 20. gxh7+ Kh8 21.
axb3 Qb7 22. Rh3 d5 23. Qg2 a4 24. Nxa4 Rdb8 25. Rg1 Bf8 26. Nc3 Qb6 27. f4
exf4 28. exd5 Ra1+ 29. Nb1 cxd5 30. Rd1 Bc5 31. Re1 Be3+ 32. Rhxe3 fxe3 33.
Qxd5 e2 34. Qd2 Rd8 35. Qxe2 Qh6+ 36. Qe3 Re8 37. Qxh6 Rxe1+ 38. Kd2 gxh6 39.
Kxe1 Rxb1+ 40. Kd2 Rxb2 41. Kc3 Rb1 42. Kd4 Kxh7 0-1

[Event "Qatar Masters Open 2014"]
[Site "Doha QAT"]
[Date "2014.12.02"]
[Round "7.67"]
[White "Foisor, Sabina-Francesca"]
[Black "Hedman, Erik"]
[Result "0-1"]
[WhiteElo "2270"]
[BlackElo "2370"]
[PlyCount "80"]
[EventDate "2014.11.26"]
[EventType "swiss"]
[EventRounds "9"]
[EventCountry "QAT"]
[Source "lmi"]
[SourceDate "2014.11.26"]

1. d4 Nf6 2. c4 e6 3. Nc3 c5 4. d5 exd5 5. cxd5 d6 6. Nf3 g6 7. Bf4 a6 8. a4
Bg7 9. h3 O-O 10. e3 Ne8 11. Be2 Nd7 12. O-O Ne5 13. Nd2 b6 14. Bh2 f5 15. Qc2
Nc7 16. f4 Nf7 17. Bf3 b5 18. Nb3 b4 19. Ne2 Qf6 20. Rab1 Re8 21. Kh1 Rxe3 22.
Bg1 Re7 23. Rfd1 Rb8 24. Na5 Bd7 25. b3 Rbe8 26. Qc4 g5 27. Ng3 g4 28. hxg4
fxg4 29. Be4 Rxe4 30. Nxe4 Rxe4 31. Qxe4 Qh4+ 32. Bh2 g3 33. Kg1 Qxh2+ 34. Kf1
Bg4 35. Qe3 Qh1+ 36. Qg1 Qh5 37. Rd2 Qf5 38. Rc1 Qxf4+ 39. Ke1 Bd4 40. Rc4 Qe4+
0-1

[Event "Qatar Masters Open 2014"]
[Site "Doha QAT"]
[Date "2014.12.02"]
[Round "7.69"]
[White "Guramishvili, Sopiko"]
[Black "Belouadah, Saad"]
[Result "0-1"]
[WhiteElo "2388"]
[BlackElo "2305"]
[PlyCount "174"]
[EventDate "2014.11.26"]
[EventType "swiss"]
[EventRounds "9"]
[EventCountry "QAT"]
[Source "lmi"]
[SourceDate "2014.11.26"]

1. d4 Nf6 2. c4 e6 3. g3 d5 4. Nf3 c5 5. cxd5 exd5 6. Bg2 Nc6 7. O-O c4 8. Bg5
Be7 9. Nc3 O-O 10. Ne5 Be6 11. Rc1 Rc8 12. e3 Kh8 13. Qa4 Qb6 14. f4 Ng8 15.
Nf3 f6 16. Bh4 Rcd8 17. Qc2 Nb4 18. Qd2 Nh6 19. h3 Nf5 20. g4 Nxh4 21. Nxh4 Nd3
22. Rb1 Bb4 23. a3 Be7 24. b3 Qa5 25. bxc4 dxc4 26. Rxb7 Qxa3 27. Nb5 Bb4 28.
Qe2 Qa6 29. Nc7 Qd6 30. Nb5 Qa6 31. Nc7 Qd6 32. Rxa7 Bc8 33. Rfa1 Nxf4 34. exf4
Qxd4+ 35. Kh1 Qxf4 36. Nd5 Qd2 37. Qxc4 Bd6 38. Nf5 Bxf5 39. gxf5 Rfe8 40. Rf1
Re1 41. Ra1 Rxa1 42. Rxa1 Qf2 43. Rf1 Qg3 44. Nf4 Be5 45. Qe4 Rb8 46. Rf3 Qg5
47. Ne6 Qh6 48. Rf1 Rg8 49. Qd5 Qh5 50. Nd8 Rf8 51. Rd1 g5 52. Ne6 Rg8 53. Nd8
Rf8 54. Qf3 Qh4 55. Nc6 Bf4 56. Qa3 Re8 57. Rf1 Bc7 58. Qf3 Re1 59. Rxe1 Qxe1+
60. Bf1 Qd2 61. Be2 Qc1+ 62. Kg2 Bb6 63. Bf1 Qc5 64. Kg3 Qg1+ 65. Qg2 Bc7+ 66.
Kf3 Qc5 67. Kg4 Qe3 68. Kh5 Qe8+ 69. Kg4 h5+ 70. Kf3 Qxc6+ 71. Ke2 Qc2+ 72. Kf3
Qxf5+ 73. Ke2 Qc2+ 74. Kf3 Qc6+ 75. Ke2 Qc2+ 76. Kf3 Qd1+ 77. Qe2 Qd5+ 78. Kf2
Bb6+ 79. Ke1 Qd4 80. Qxh5+ Kg7 81. Be2 Qg1+ 82. Kd2 Ba5+ 83. Kc2 Qc5+ 84. Kb1
Qb4+ 85. Kc2 Qc3+ 86. Kb1 Qb3+ 87. Kc1 Bc3 0-1

[Event "Qatar Masters Open 2014"]
[Site "Doha QAT"]
[Date "2014.12.02"]
[Round "7.70"]
[White "Studer, Noel"]
[Black "Gaehwiler, Gabriel"]
[Result "1-0"]
[WhiteElo "2395"]
[BlackElo "2334"]
[PlyCount "133"]
[EventDate "2014.11.26"]
[EventType "swiss"]
[EventRounds "9"]
[EventCountry "QAT"]
[Source "lmi"]
[SourceDate "2014.11.26"]

1. e4 c5 2. Nf3 d6 3. d4 cxd4 4. Nxd4 Nf6 5. Nc3 Nc6 6. Bg5 g6 7. Bxf6 exf6 8.
Bb5 Bd7 9. Qd2 Bg7 10. O-O-O O-O 11. Nb3 a6 12. Bxc6 Bxc6 13. f3 a5 14. Qxd6
Qc8 15. Nd4 f5 16. Nxc6 bxc6 17. e5 Qb7 18. f4 Qb4 19. Rd4 Qb7 20. Rc4 Rac8 21.
Rd1 Rfe8 22. Qd7 Qa6 23. b3 Bf8 24. Qd3 Qa7 25. Rd4 Rc7 26. Na4 c5 27. Rc4 Qb7
28. Qd5 Qb8 29. Nc3 Rcc8 30. Qf3 Bg7 31. a4 f6 32. Qd5+ Kh8 33. e6 Qb6 34. Re1
Bf8 35. Qd7 Rcd8 36. Qf7 Qd6 37. Rd1 Qxe6 38. Qxe6 Rxd1+ 39. Kxd1 Rxe6 40. Nd5
Re8 41. Rc3 Re4 42. g3 g5 43. Nxf6 Rd4+ 44. Rd3 Rxd3+ 45. cxd3 gxf4 46. gxf4
Kg7 47. Nd5 Bd6 48. Kd2 Kf7 49. Kc3 Ke6 50. Kc4 h6 51. h3 h5 52. h4 Bf8 53. Ne3
Be7 54. Ng2 Kd6 55. Kb5 Bd8 56. Ne3 Ke6 57. Nf1 Bxh4 58. Kxa5 Be1+ 59. Kb5 Kd5
60. a5 Bxa5 61. Kxa5 h4 62. Nd2 Kd4 63. Nf3+ Kc3 64. Nxh4 Kxb3 65. Kb5 Kc3 66.
Kxc5 Kxd3 67. Kd5 1-0

[Event "Qatar Masters Open 2014"]
[Site "Doha QAT"]
[Date "2014.12.02"]
[Round "7.71"]
[White "Khademalsharieh, Sarasadat"]
[Black "Zhai, Mo"]
[Result "1-0"]
[WhiteElo "2378"]
[BlackElo "2325"]
[PlyCount "99"]
[EventDate "2014.11.26"]
[EventType "swiss"]
[EventRounds "9"]
[EventCountry "QAT"]
[Source "lmi"]
[SourceDate "2014.11.26"]

1. d4 Nf6 2. Bg5 d5 3. e3 Bf5 4. Nf3 e6 5. c4 c6 6. Nc3 Nbd7 7. Be2 Be7 8. h3
O-O 9. O-O Re8 10. Rc1 h6 11. Bf4 dxc4 12. Bxc4 Nb6 13. Bb3 Nbd5 14. Bh2 Nxc3
15. Rxc3 Ne4 16. Rc1 Bd6 17. Bxd6 Qxd6 18. Qe2 Qb4 19. Rfd1 a5 20. Bc4 Rac8 21.
Ne5 Qe7 22. Bd3 Rcd8 23. Qc2 Nd6 24. Qc5 Bxd3 25. Rxd3 Ra8 26. a4 Qc7 27. Rb3
Red8 28. Nd3 Nc8 29. Qe5 Qe7 30. Rc5 Rd5 31. Rxd5 cxd5 32. Nf4 b6 33. e4 dxe4
34. Rg3 f6 35. Qxe4 Ra7 36. Nxe6 Qe8 37. Qf5 Rf7 38. Qd5 Qd7 39. Qb3 Kh8 40.
Rc3 Qe8 41. Nf4 Re7 42. d5 Re1+ 43. Kh2 Nd6 44. Ne6 Ne4 45. Rc2 Qb8+ 46. f4 Nd2
47. Rxd2 Rxe6 48. dxe6 Qxf4+ 49. Qg3 Qxd2 50. e7 1-0

[Event "Qatar Masters Open 2014"]
[Site "Doha QAT"]
[Date "2014.12.02"]
[Round "7.72"]
[White "Gomes, Mary Ann"]
[Black "Dimitrijevic, Aleksandra"]
[Result "1/2-1/2"]
[WhiteElo "2355"]
[BlackElo "2323"]
[PlyCount "65"]
[EventDate "2014.11.26"]
[EventType "swiss"]
[EventRounds "9"]
[EventCountry "QAT"]
[Source "lmi"]
[SourceDate "2014.11.26"]

1. Nf3 Nf6 2. c4 d6 3. g3 c6 4. Bg2 h6 5. d4 Bf5 6. Nc3 Nbd7 7. O-O e5 8. d5
Qc7 9. Nh4 Bh7 10. dxc6 bxc6 11. Nb5 cxb5 12. Bxa8 g5 13. Ng2 Nb6 14. Bd5 bxc4
15. Ne3 Qc5 16. Bg2 d5 17. a4 d4 18. a5 Nbd7 19. Qa4 c3 20. bxc3 dxe3 21. Bxe3
Qc7 22. a6 Bc5 23. Bxc5 Qxc5 24. Bc6 Ke7 25. Rfd1 Bc2 26. Qxc2 Qxc6 27. Rdb1
Rb8 28. Rxb8 Nxb8 29. Qb3 Nxa6 30. Ra5 Nd7 31. Qa3+ Nac5 32. Rxa7 Qd6 33. Qb4
1/2-1/2

[Event "Qatar Masters Open 2014"]
[Site "Doha QAT"]
[Date "2014.12.02"]
[Round "7.73"]
[White "Liang, Awonder"]
[Black "Gara, Ticia"]
[Result "1-0"]
[WhiteElo "2266"]
[BlackElo "2326"]
[PlyCount "123"]
[EventDate "2014.11.26"]
[EventType "swiss"]
[EventRounds "9"]
[EventCountry "QAT"]
[Source "lmi"]
[SourceDate "2014.11.26"]

1. e4 c5 2. Nf3 d6 3. Bb5+ Nd7 4. O-O a6 5. Bd3 Ngf6 6. a4 b6 7. c3 Bb7 8. Qe2
Qc7 9. Na3 e5 10. Bc2 Be7 11. d4 cxd4 12. cxd4 O-O 13. d5 Rfc8 14. Be3 b5 15.
Rac1 b4 16. Bd3 Qd8 17. Nc4 a5 18. Nfd2 Nc5 19. Bxc5 Rxc5 20. Ne3 Nd7 21. Nb3
Rxc1 22. Rxc1 Nc5 23. Nxc5 dxc5 24. Bb5 Qc7 25. Rd1 g6 26. Nc4 Bd6 27. Qf3 Kg7
28. Bc6 Ra7 29. Bxb7 Rxb7 30. b3 Ra7 31. Qd3 Ra8 32. Rc1 Rc8 33. Re1 Ra8 34.
Kf1 Qe7 35. g3 h5 36. h4 f6 37. Kg2 Ra7 38. Rh1 Qd7 39. Qe3 Kh7 40. Rc1 Bf8 41.
Qd3 Bh6 42. Rd1 Bf8 43. d6 Ra6 44. Qe3 Rc6 45. Rd5 Bh6 46. Qd3 g5 47. Qf3 Kg7
48. Qxh5 gxh4 49. Qxh4 Bg5 50. Qh3 Qd8 51. Qg4 Kf7 52. Qh5+ Kg7 53. Rd1 Rc8 54.
Rh1 Qg8 55. Qg4 Kf7 56. Qd7+ Kg6 57. Nxe5+ fxe5 58. Qf5+ Kg7 59. Qxg5+ Kf7 60.
Qe7+ Kg6 61. d7 Rf8 62. Rh4 1-0

[Event "Qatar Masters Open 2014"]
[Site "Doha QAT"]
[Date "2014.12.02"]
[Round "7.74"]
[White "Zhu, Chen"]
[Black "Nuri, Kambez"]
[Result "0-1"]
[WhiteElo "2447"]
[BlackElo "2300"]
[PlyCount "113"]
[EventDate "2014.11.26"]
[EventType "swiss"]
[EventRounds "9"]
[EventCountry "QAT"]
[Source "lmi"]
[SourceDate "2014.11.26"]

1. d4 d5 2. c4 e6 3. Nf3 c5 4. cxd5 exd5 5. Nc3 Nc6 6. g3 Nf6 7. Bg2 Be7 8. O-O
O-O 9. Bg5 c4 10. Ne5 Be6 11. Nxc6 bxc6 12. b3 h6 13. Bf4 cxb3 14. axb3 Bd6 15.
Qd2 Bxf4 16. Qxf4 Qb8 17. Qd2 Bf5 18. Ra3 Qb4 19. Rfa1 Rab8 20. h3 Rfc8 21.
Rxa7 Qxb3 22. Na4 Be4 23. Nc5 Qb2 24. Qxb2 Rxb2 25. Bf1 Bg6 26. g4 Rd2 27. e3
h5 28. Ra8 Rxa8 29. Rxa8+ Kh7 30. f3 hxg4 31. hxg4 Bb1 32. Rb8 Ba2 33. Bd3+ Kh6
34. Rh8+ Kg5 35. Bf5 Nxg4 36. Bxg4 g6 37. Nd7 f5 38. Bh3 f4 39. exf4+ Kxf4 40.
Bg2 Rxd4 41. Kh2 Bb1 42. Rh4+ Ke3 43. Rh6 Kf4 44. Rh4+ Ke3 45. Rh6 Kf2 46. Ne5
c5 47. Ng4+ Ke2 48. Kg3 c4 49. Rh2 Bf5 50. Ne5 Kd1 51. f4 c3 52. Nf3 Rd3 53.
Kf2 Kc1 54. Bf1 Rd1 55. Rh8 Kb2 56. Rb8+ Ka3 57. Ne1 0-1

[Event "Qatar Masters Open 2014"]
[Site "Doha QAT"]
[Date "2014.12.02"]
[Round "7.75"]
[White "Salih, Akar Ali Salih"]
[Black "Sukandar, Irine Kharisma"]
[Result "1-0"]
[WhiteElo "2284"]
[BlackElo "2407"]
[PlyCount "67"]
[EventDate "2014.11.26"]
[EventType "swiss"]
[EventRounds "9"]
[EventCountry "QAT"]
[Source "lmi"]
[SourceDate "2014.11.26"]

1. e4 e5 2. Nf3 Nc6 3. Bb5 f5 4. Nc3 fxe4 5. Nxe4 Nf6 6. d3 d5 7. Nc3 Bd6 8.
Bg5 Be6 9. d4 e4 10. Ne5 O-O 11. Nxc6 bxc6 12. Bxc6 Rb8 13. Nxd5 Kh8 14. Ne3 h6
15. Bh4 Rxb2 16. O-O Rb6 17. d5 Be5 18. Nc4 Bxa1 19. Nxb6 Bg8 20. Nd7 Bc3 21.
Nxf8 Qxf8 22. Bg3 Qc5 23. Bxc7 Nxd5 24. Bxd5 Bxd5 25. Bf4 Bxa2 26. Qd8+ Kh7 27.
Be3 Qh5 28. Bd4 Bd2 29. Qe7 Qg6 30. Qxa7 Bd5 31. Be3 Be6 32. Bxd2 Bh3 33. g3
Qg4 34. Qe3 1-0

[Event "Qatar Masters Open 2014"]
[Site "Doha QAT"]
[Date "2014.12.02"]
[Round "7.76"]
[White "Ni, Shiqun"]
[Black "Kochetkova, Julia"]
[Result "1/2-1/2"]
[WhiteElo "2262"]
[BlackElo "2345"]
[PlyCount "105"]
[EventDate "2014.11.26"]
[EventType "swiss"]
[EventRounds "9"]
[EventCountry "QAT"]
[Source "lmi"]
[SourceDate "2014.11.26"]

1. e4 e5 2. Nf3 d6 3. d4 exd4 4. Nxd4 Nf6 5. Nc3 Be7 6. g3 O-O 7. Bg2 c5 8.
Nde2 Nc6 9. O-O Re8 10. h3 Bf8 11. Bf4 Be6 12. g4 Qb6 13. g5 Nh5 14. Bc1 g6 15.
b3 Bg7 16. Be3 Rad8 17. Kh1 Qc7 18. Qd2 Qc8 19. Kh2 Ne7 20. Rad1 a6 21. Ng3
Nxg3 22. fxg3 b5 23. Bf4 b4 24. Nd5 Bxd5 25. exd5 Nf5 26. Qf2 Qd7 27. Rde1 Bc3
28. Re4 Bd4 29. Qe2 Rxe4 30. Bxe4 Re8 31. Qf3 Ng7 32. Bd3 Nh5 33. Bd2 Be5 34.
Be1 a5 35. Kg2 Rf8 36. Qe3 Bd4 37. Qf3 Qe7 38. g4 Ng7 39. Bg3 f6 40. Re1 Qd7
41. gxf6 Rxf6 42. Qe2 Qf7 43. Qe7 Rf2+ 44. Bxf2 Qxf2+ 45. Kh1 Qf3+ 46. Kh2 Qf2+
47. Kh1 Qf3+ 48. Kh2 Bf6 49. Qe2 Be5+ 50. Kg1 Bd4+ 51. Kh2 Be5+ 52. Kg1 Bd4+
53. Kh2 1/2-1/2

[Event "Qatar Masters Open 2014"]
[Site "Doha QAT"]
[Date "2014.12.02"]
[Round "7.77"]
[White "Lammers, Markus"]
[Black "Kanter, Eduard"]
[Result "1/2-1/2"]
[WhiteElo "2327"]
[BlackElo "2394"]
[PlyCount "36"]
[EventDate "2014.11.26"]
[EventType "swiss"]
[EventRounds "9"]
[EventCountry "QAT"]
[Source "lmi"]
[SourceDate "2014.11.26"]

1. d4 Nf6 2. Nf3 g6 3. c4 Bg7 4. g3 O-O 5. Bg2 c6 6. O-O d5 7. cxd5 cxd5 8. Nc3
Ne4 9. Bf4 Nc6 10. Rc1 Nxc3 11. Rxc3 Qb6 12. Rb3 Qa5 13. Ra3 Qb4 14. Rb3 Qa4
15. Ra3 Qb4 16. Rb3 Qa4 17. Ra3 Qb4 18. Rb3 Qa4 1/2-1/2

[Event "Qatar Masters Open 2014"]
[Site "Doha QAT"]
[Date "2014.12.03"]
[Round "8.1"]
[White "Giri, Anish"]
[Black "Yu, Yangyi"]
[Result "0-1"]
[WhiteElo "2776"]
[BlackElo "2705"]
[PlyCount "182"]
[EventDate "2014.11.26"]
[EventType "swiss"]
[EventRounds "9"]
[EventCountry "QAT"]
[Source "lmi"]
[SourceDate "2014.11.26"]

1. d4 Nf6 2. c4 e6 3. Nf3 d5 4. Nc3 Bb4 5. cxd5 exd5 6. Bg5 h6 7. Bh4 c5 8. e3
c4 9. Be2 Bf5 10. O-O Bxc3 11. bxc3 O-O 12. Rc1 Nbd7 13. Ne5 Qb6 14. Nxd7 Nxd7
15. Qd2 Rfe8 16. Rfe1 Qc6 17. f3 b5 18. Bf1 a5 19. g4 Bg6 20. Bg3 Nb6 21. a3
Re7 22. h3 Rea7 23. Qb2 Na4 24. Qd2 Nb6 25. Qb2 Bd3 26. Bg2 Re8 27. Ra1 Rae7
28. Qc1 Re6 29. Ra2 Qd7 30. Bf2 Na4 31. Rd2 Qd6 32. Kh1 b4 33. axb4 axb4 34.
cxb4 Qxb4 35. e4 dxe4 36. fxe4 Bxe4 37. Rxe4 Rxe4 38. Bxe4 Rxe4 39. Qc2 c3 40.
Rd1 Re7 41. Rb1 Nb2 42. Re1 Rxe1+ 43. Bxe1 Na4 44. d5 Qd4 45. d6 Nc5 46. Qxc3
Qxd6 47. Qf3 Qe6 48. Bf2 Ne4 49. Be3 Qc4 50. Bf4 Qc2 51. Kg1 Qc5+ 52. Kg2 Qd4
53. Be3 Qb2+ 54. Kg1 Qb1+ 55. Kg2 Qc2+ 56. Kg1 Nc3 57. Bf2 Qd2 58. Kf1 Nd5 59.
Kg2 Nf4+ 60. Kg3 Nd5 61. Kg2 Nf6 62. Qf5 Qc3 63. Qf3 Qc2 64. Qa8+ Kh7 65. Qf3
Qc4 66. Qf5+ Kg8 67. Qf3 Ne4 68. Be3 f6 69. Bf4 Kf7 70. Be3 Qd5 71. Kg1 Ke6 72.
Kg2 Kd7 73. Kg1 Kd6 74. Qe2 Ke6 75. Qf3 Qe5 76. Kh1 Kf7 77. Bf4 Qd5 78. Kg2 Kg6
79. Be3 Qe6 80. Bf4 Nc5 81. Bg3 Qc4 82. Qe3 Qc2+ 83. Qf2 Qc4 84. Qe3 Ne4 85.
Bf4 Qc2+ 86. Kf3 Nc3 87. Bxh6 Qh2 88. Qe8+ Kh7 89. Bxg7 Qh1+ 90. Kf2 Ne4+ 91.
Ke2 Qg2+ 0-1

[Event "Qatar Masters Open 2014"]
[Site "Doha QAT"]
[Date "2014.12.03"]
[Round "8.2"]
[White "Salem, A.R. Saleh"]
[Black "Kramnik, Vladimir"]
[Result "0-1"]
[WhiteElo "2586"]
[BlackElo "2760"]
[PlyCount "110"]
[EventDate "2014.11.26"]
[EventType "swiss"]
[EventRounds "9"]
[EventCountry "QAT"]
[Source "lmi"]
[SourceDate "2014.11.26"]

1. d4 Nf6 2. c4 e6 3. Nf3 d5 4. Nc3 Nbd7 5. Bg5 h6 6. Bh4 Be7 7. e3 O-O 8. Rc1
c5 9. cxd5 Nxd5 10. Bxe7 Nxe7 11. Be2 b6 12. O-O Bb7 13. dxc5 Nxc5 14. Nd4 Nf5
15. Nxf5 exf5 16. Bf3 Qxd1 17. Rfxd1 Bxf3 18. gxf3 Rfd8 19. Kf1 g6 20. Ke2 Kg7
21. Nb5 Kf6 22. Rxd8 Rxd8 23. b4 Ne6 24. Rc6 Ke7 25. a3 Rd7 26. Rc8 a6 27. Nc3
b5 28. Ra8 Rd6 29. Rh8 g5 30. Ra8 Kf6 31. Ra7 Kg6 32. Na2 Nd8 33. Ke1 Kh5 34.
Nc1 Kh4 35. Nb3 Kh3 36. Nd4 f4 37. Ra8 Kxh2 38. Nf5 Rf6 39. e4 Nc6 40. Rxa6 Rg6
41. Kf1 Ne5 42. Ra5 Nxf3 43. Rxb5 g4 44. Rd5 h5 45. Ng3 h4 46. Ne2 g3 47. fxg3
fxg3 48. b5 Rf6 49. Rf5 Rxf5 50. exf5 g2+ 51. Kf2 Nd4 52. Ng1 Nxb5 53. a4 Nc3
54. Nf3+ Kh1 55. a5 h3 0-1